Opravujeme a prerábame svoje bývanie

Na minha lista:
Detalhes bibliográficos
Autor principal: Wieczorkiewicz, Wieslav (Author)
Formato: Livro
Idioma:eslovaco
Publicado em: Bratislava : Alfa, 1982
Edição:1. vyd.
Tags: Adicionar Tag
Sem tags, seja o primeiro a adicionar uma tag!

MARC

LEADER 00000nam a22000003a 4500
001 stu11253
005 20150617225805.2
008 950314s1982----cs------------------slo-d
040 |a STU  |b slo 
041 0 |a slo 
044 |a cs 
080 |a 379.826 
100 1 |a Wieczorkiewicz, Wieslav  |4 aut 
245 1 |a Opravujeme a prerábame svoje bývanie 
250 |a 1. vyd. 
260 |a Bratislava :  |b Alfa,  |c 1982 
300 |a 127 s 
996 |b 284V030067  |c V*28796/O-11314a  |l VVS  |s A  |a 24  |w stu11253_0001 
996 |b 284V030068  |c V*28795/O-11314  |l VVS  |s A  |a 24  |w stu11253_0004 
996 |b 284V035768  |c V*23770/O-9629  |l VVS  |s A  |a 24  |w stu11253_0005